000 00548nam a22001817a 4500
001 T027600008615
008 181111b xve|||||r|||| 00| | esp d
099 _aIVP-D-05150
_b
100 _aCONSEJO NACIONAL DE FRONTERAS
245 _aPrograma de Desarrollo y Consolidación de Ciudades Fronterizas en Venezuela( Resumen Ejecutivo). 1996.
260 _a
500 _a
650 _aHistoria Oral--Investigaciones--Caño Amarillo-Caracas
650 _aHistoria Local--Proyectos
650 _aVenezuela.
650 _aEspañol.
942 _cLIB
999 _c9742
_d9742